Sriman Nyayasudha (Record no. 1258)

MARC details
000 -LEADER
fixed length control field 00291nam a22001097a 4500
008 - FIXED-LENGTH DATA ELEMENTS--GENERAL INFORMATION
fixed length control field 260422b |||||||| |||| 00| 0 eng d
100 ## - MAIN ENTRY--PERSONAL NAME
Personal name Padurangi, K T
245 ## - TITLE STATEMENT
Title Sriman Nyayasudha
260 ## - PUBLICATION, DISTRIBUTION, ETC.
Name of publisher, distributor, etc. Dwaitavedanta Studies and Research Foundation
Place of publication, distribution, etc. Bangalore
Date of publication, distribution, etc. 2008
300 ## - PHYSICAL DESCRIPTION
Extent 590p
942 ## - ADDED ENTRY ELEMENTS (KOHA)
Source of classification or shelving scheme Dewey Decimal Classification
Holdings
Withdrawn status Lost status Source of classification or shelving scheme Damaged status Not for loan Home library Current library Shelving location Date acquired Source of acquisition Total Checkouts Barcode Date last seen Price effective from Koha item type
    Dewey Decimal Classification     Karnataka Samskrit University Library Karnataka Samskrit University Library General Stacks 04/22/2026 Dwaitavedanta Studies and Research Foundation   001206 04/22/2026 04/22/2026 Books
    Dewey Decimal Classification     Karnataka Samskrit University Library Karnataka Samskrit University Library General Stacks 04/22/2026 Dwaitavedanta Studies and Research Foundation   001207 04/22/2026 04/22/2026 Books
    Dewey Decimal Classification     Karnataka Samskrit University Library Karnataka Samskrit University Library General Stacks 04/22/2026 Dwaitavedanta Studies and Research Foundation   001208 04/22/2026 04/22/2026 Books
    Dewey Decimal Classification     Karnataka Samskrit University Library Karnataka Samskrit University Library General Stacks 04/22/2026 Dwaitavedanta Studies and Research Foundation   001209 04/22/2026 04/22/2026 Books

Powered by Koha